[Event "C.to Regionale Lombardia Seniores"]
[Site "Robecchetto con Induno ITA"]
[Date "2012.12.29"]
[Round "4"]
[White "Madaschi, Sergio"]
[Black "Torretta, Gilberto"]
[Result "1-0"]
[WhiteElo "1516"]
[BlackElo "1675"]
[PlyCount "84"]
[EventDate "2012.12.27"]

1. d4 Nf6 2. Nf3 g6 3. g3 Bg7 4. Bg2 O-O 5. O-O d5 6. b3 Nbd7 7. Bb2 c5 8. Na3
Qa5 9. Qd2 Qa6 10. c4 Ne4 11. Qc2 cxd4 12. Nb5 Qb6 13. Bxd4 Bxd4 14. Nbxd4 e5
15. cxd5 exd4 16. Qxe4 Nf6 17. Qxd4 Qd6 18. e4 Nh5 19. e5 Qa3 20. Rfe1 Ng7 21.
Nd2 Bd7 22. Ne4 Rfd8 23. Nf6+ Kh8 24. Nxd7 Rxd7 25. Bh3 Rdd8 26. e6 fxe6 27.
Bxe6 Qd6 28. Rad1 Rf8 29. Kg2 a6 30. Re3 b5 31. Rc3 Rad8 32. b4 a5 33. bxa5 b4
34. Rc6 Qxc6 35. dxc6 Rxd4 36. Rxd4 Nxe6 37. Rxb4 Rc8 38. a6 Nc7 39. a7 Na6 40.
Rb6 Nc7 41. Rb8 Rg8 42. a4 h5 1-0

[Event "C.to Regionale Lombardia Seniores"]
[Site "Robecchetto con Induno ITA"]
[Date "2012.12.29"]
[Round "4"]
[White "Maffeo, Mauro"]
[Black "Marra, Giuseppe"]
[Result "0-1"]
[WhiteElo "1720"]
[BlackElo "1685"]
[PlyCount "66"]
[EventDate "2012.12.27"]

1. d4 e5 2. dxe5 Nc6 3. Nf3 b6 4. Bf4 Nge7 5. e6 fxe6 6. c3 Ng6 7. Bg3 d6 8. e3
Bb7 9. Nbd2 Be7 10. Bb5 O-O 11. O-O Bh4 12. Ba4 Qe7 13. Bc2 Bxg3 14. hxg3 Nge5
15. Nh4 Rf6 16. f4 Nf7 17. Ndf3 Rf8 18. Qd3 g6 19. Rae1 e5 20. Nh2 Nh6 21. g4
R6f7 22. Bb3 Qxh4 23. Bxf7+ Rxf7 24. Qe2 Ne7 25. e4 Rxf4 26. Rxf4 exf4 27. Rd1
Qf6 28. Qc4+ Nf7 29. Nf3 Kg7 30. Nd4 c5 31. Ne6+ Kh8 32. g5 Qe5 33. Nd4 Qxe4
0-1

[Event "C.to Regionale Lombardia Seniores"]
[Site "Robecchetto con Induno ITA"]
[Date "2012.12.29"]
[Round "4"]
[White "Marchesotti, Giovanni"]
[Black "Carbone, Lorenzo"]
[Result "1/2-1/2"]
[WhiteElo "1561"]
[BlackElo "1745"]
[PlyCount "45"]
[EventDate "2012.12.27"]

1. g3 Nf6 2. Bg2 e6 3. c4 Be7 4. Nc3 O-O 5. Nf3 d5 6. d4 b6 7. cxd5 exd5 8. O-O
Bb7 9. b3 Nbd7 10. Bb2 a5 11. Rc1 Re8 12. Re1 c5 13. dxc5 Bxc5 14. Nd4 Ne4 15.
Nxe4 dxe4 16. Nf5 Ne5 17. Qxd8 Raxd8 18. Red1 f6 19. Bxe5 fxe5 20. e3 g6 21.
Nh4 Ba3 22. Rb1 Bc5 23. Bf1 1/2-1/2

[Event "C.to Regionale Lombardia Seniores"]
[Site "Robecchetto con Induno ITA"]
[Date "2012.12.29"]
[Round "4"]
[White "Nai, Giovanni"]
[Black "Buzio, Alberto"]
[Result "1-0"]
[WhiteElo "1824"]
[BlackElo "1872"]
[PlyCount "95"]
[EventDate "2012.12.27"]

1. e4 c5 2. Nf3 a6 3. d4 cxd4 4. Nxd4 Nf6 5. Nc3 e5 6. Nb3 Bb4 7. Qd3 d5 8.
exd5 e4 9. Qd4 Bxc3+ 10. Qxc3 O-O 11. Bg5 Nxd5 12. Qg3 Qc7 13. O-O-O Qxg3 14.
hxg3 Be6 15. Nc5 h6 16. Bd2 e3 17. fxe3 Bg4 18. Re1 b6 19. Nd3 Nc6 20. e4 Nde7
21. Nf4 Rfd8 22. Bc4 Ne5 23. Bd5 Ra7 24. Bc3 N7g6 25. Nxg6 Nxg6 26. Bd4 Rb8 27.
c4 Rc7 28. Kd2 Rd7 29. Re3 Be6 30. Rb3 Bxd5 31. cxd5 b5 32. a4 Rbb7 33. axb5
axb5 34. Rf1 f6 35. Rc3 Ne7 36. Bc5 Nc6 37. Ke3 Ne5 38. b3 Kh7 39. Bd4 Nf7 40.
Rc5 Re7 41. Rc6 Rbd7 42. Bc5 Re8 43. d6 Ng5 44. Rc7 Rxe4+ 45. Kd3 Rxc7 46. dxc7
Re8 47. Re1 Ne6 48. Rxe6 1-0

[Event "C.to Regionale Lombardia Seniores"]
[Site "Robecchetto con Induno ITA"]
[Date "2012.12.29"]
[Round "4"]
[White "Ossoli, Giuseppe"]
[Black "Rigotti, Gianluigi"]
[Result "1-0"]
[WhiteElo "1527"]
[BlackElo "1671"]
[PlyCount "107"]
[EventDate "2012.12.27"]

1. c4 Nf6 2. Nc3 c6 3. Nf3 e6 4. g3 d5 5. cxd5 cxd5 6. e3 a6 7. Bg2 Bd6 8. d4
O-O 9. O-O Bd7 10. Bd2 Nc6 11. a3 b5 12. Qc2 Rc8 13. Qb1 Na5 14. b3 b4 15. axb4
Bxb4 16. Ne2 Qb6 17. Ra2 Ne4 18. Bxb4 Qxb4 19. Rb2 Bb5 20. Re1 Bxe2 21. Rbxe2
Nc3 22. Qd3 Nxe2+ 23. Qxe2 Rc6 24. Ne5 Rd6 25. Rc1 f6 26. Nd3 Qxb3 27. Nc5 Qb5
28. Qe1 Nc4 29. Rb1 Nb2 30. Bf1 Qb8 31. Qe2 Qb5 32. Qxb2 Qxb2 33. Rxb2 a5 34.
Ra2 Ra8 35. Nb7 Rd7 36. Nc5 Rda7 37. Nxe6 a4 38. Bg2 Ra5 39. Nc5 R8a7 40. Bxd5+
Kf8 41. Ra3 Ke7 42. Bc6 g6 43. Bxa4 Kd6 44. Kg2 f5 45. Kf3 Rxc5 46. dxc5+ Kxc5
47. h4 Kb4 48. Ra1 h6 49. Kf4 Kc3 50. Rc1+ Kd2 51. Rc2+ Ke1 52. Be8 Ra6 53. Rc6
Ra2 54. Rxg6 1-0

[Event "C.to Regionale Lombardia Seniores"]
[Site "Robecchetto con Induno ITA"]
[Date "2012.12.29"]
[Round "4"]
[White "Sala, Gianni"]
[Black "Ronconi, Fausto"]
[Result "1-0"]
[WhiteElo "1766"]
[BlackElo "1702"]
[PlyCount "83"]
[EventDate "2012.12.27"]

1. e4 e6 2. d4 d5 3. Nd2 dxe4 4. Nxe4 Nd7 5. Nf3 Ngf6 6. Nxf6+ Nxf6 7. Bd3 Be7
8. O-O O-O 9. Re1 b6 10. c3 Bb7 11. Bg5 h6 12. Bh4 Ng4 13. Bxe7 Qxe7 14. h3 Nf6
15. Ne5 Qd6 16. Ng4 Nxg4 17. Qxg4 Rad8 18. Rad1 c5 19. dxc5 Qxc5 20. Bc2 Rd5
21. Rxd5 Bxd5 22. Bb1 a5 23. Qg3 Qc8 24. Qd3 g6 25. Qe3 Kh7 26. Qxb6 Qb8 27.
Qxb8 Rxb8 28. b3 Bxb3 29. axb3 Rxb3 30. Rc1 a4 31. c4 a3 32. c5 Rb8 33. c6 Rc8
34. c7 Kg7 35. Ba2 Kf8 36. Kf1 Ke7 37. Ke2 f6 38. Kd3 e5 39. Rc4 Kd6 40. f3 g5
41. Ke4 Ke6 42. Rc3+ 1-0

[Event "C.to Regionale Lombardia Seniores"]
[Site "Robecchetto con Induno ITA"]
[Date "2012.12.29"]
[Round "5"]
[White "Buzio, Alberto"]
[Black "Maffeo, Mauro"]
[Result "1/2-1/2"]
[WhiteElo "1872"]
[BlackElo "1720"]
[PlyCount "122"]
[EventDate "2012.12.27"]

1. e4 e6 2. d4 d5 3. Nd2 Be7 4. Ne2 Nf6 5. e5 Nfd7 6. Nf3 c5 7. c3 Nc6 8. Nf4
cxd4 9. cxd4 Qb6 10. Be2 O-O 11. h4 Qb4+ 12. Kf1 Qb6 13. h5 h6 14. g3 a5 15. a3
Qd8 16. Bd3 b6 17. Kg2 Bb7 18. Bb1 Re8 19. Qd3 Nf8 20. Be3 Ba6 21. Qd2 Rc8 22.
Nh4 Bxh4 23. Rxh4 Bb7 24. Bd3 Nxe5 25. Bb5 Nc4 26. Qe2 Nxe3+ 27. fxe3 Bc6 28.
Bxc6 Rxc6 29. Nd3 Qc8 30. Rd1 Rc2 31. Rd2 Rxd2 32. Qxd2 Re7 33. Rf4 Rc7 34. Rf2
Nh7 35. Qe2 Ng5 36. Qg4 Ne4 37. Re2 Rc2 38. Nf4 Rxe2+ 39. Qxe2 Nd6 40. Kh2 Ne4
41. g4 Qd8 42. Ng2 Qc7+ 43. Nf4 Ng5 44. Kg2 Ne4 45. Kf3 Qc1 46. Kg2 Qc8 47. Qb5
Ng5 48. Qd3 Qc1 49. Qe2 b5 50. Nd3 Qc7 51. Nc5 b4 52. axb4 axb4 53. Qb5 Ne4 54.
Nxe4 dxe4 55. Qxb4 Qc2+ 56. Kg3 Qd1 57. Qb8+ Kh7 58. Qf4 Qg1+ 59. Kh3 Qh1+ 60.
Kg3 Qg1+ 61. Kh3 Qh1+ 1/2-1/2

[Event "C.to Regionale Lombardia Seniores"]
[Site "Robecchetto con Induno ITA"]
[Date "2012.12.29"]
[Round "5"]
[White "Cillo, Angelo"]
[Black "Rigotti, Gianluigi"]
[Result "1-0"]
[WhiteElo "1792"]
[BlackElo "1671"]
[PlyCount "93"]
[EventDate "2012.12.27"]

1. d4 Nf6 2. Nf3 e6 3. e3 c6 4. Bd3 b6 5. O-O d5 6. Nbd2 Ba6 7. c4 Bb4 8. Qe2
Bxd2 9. Bxd2 O-O 10. Bb4 Re8 11. Ne5 dxc4 12. Bxc4 Bb7 13. Rac1 a5 14. Bd2 Ne4
15. Rc2 b5 16. Bd3 Nxd2 17. Rxd2 f6 18. Bxh7+ Kxh7 19. Qh5+ Kg8 20. Qf7+ Kh7
21. Qxb7 Na6 22. Nxc6 Qc7 23. Qxc7 Nxc7 24. b4 a4 25. Rc1 Nd5 26. Rdc2 Nb6 27.
Na5 Rxa5 28. bxa5 Nc4 29. Rxc4 bxc4 30. Kf1 Ra8 31. Rxc4 Rxa5 32. a3 Ra6 33.
Ke2 Kg6 34. Kd3 Kf5 35. f4 g5 36. fxg5 Kxg5 37. Rc5+ f5 38. e4 Rb6 39. exf5
exf5 40. d5 Rb2 41. Rc8 Rb3+ 42. Kc2 Rxa3 43. d6 Ra2+ 44. Kd3 Ra3+ 45. Rc3 Ra2
46. d7 Ra1 47. d8=Q+ 1-0

[Event "C.to Regionale Lombardia Seniores"]
[Site "Robecchetto con Induno ITA"]
[Date "2012.12.29"]
[Round "5"]
[White "Ferri, Antonio"]
[Black "Sala, Gianni"]
[Result "0-1"]
[WhiteElo "1536"]
[BlackElo "1766"]
[PlyCount "38"]
[EventDate "2012.12.27"]

1. d4 Nf6 2. c4 e6 3. Nc3 Bb4 4. a3 Bxc3+ 5. bxc3 c5 6. Qc2 d5 7. e3 b6 8. Rb1
Qc7 9. Nf3 Nbd7 10. Be2 Bb7 11. O-O Rc8 12. Bb2 dxc4 13. Nd2 b5 14. f3 cxd4 15.
exd4 Nd5 16. Kf2 N7f6 17. Rbe1 Qxh2 18. Rh1 Qf4 19. Kg1 Qg3 0-1

[Event "C.to Regionale Lombardia Seniores"]
[Site "Robecchetto con Induno ITA"]
[Date "2012.12.29"]
[Round "5"]
[White "Macchiettini, Pierangelo"]
[Black "Nai, Giovanni"]
[Result "0-1"]
[WhiteElo "1712"]
[BlackElo "1824"]
[PlyCount "42"]
[EventDate "2012.12.27"]

1. d4 d5 2. Nf3 Nf6 3. c4 c6 4. e3 Bf5 5. Nc3 e6 6. a3 Bd6 7. Be2 Nbd7 8. c5
Bc7 9. b4 e5 10. dxe5 Nxe5 11. Nd4 Bg6 12. Bb2 Nc4 13. Bc1 Ne4 14. Nxe4 Bxe4
15. Bxc4 dxc4 16. O-O O-O 17. Qg4 f5 18. Qh5 Rf6 19. g3 Rh6 20. Qd1 Rxh2 21.
Kxh2 Qh4+ 0-1

[Event "C.to Regionale Lombardia Seniores"]
[Site "Robecchetto con Induno ITA"]
[Date "2012.12.29"]
[Round "5"]
[White "Madaschi, Sergio"]
[Black "Cova, Ennio"]
[Result "0-1"]
[WhiteElo "1516"]
[BlackElo "1654"]
[PlyCount "77"]
[EventDate "2012.12.27"]

1. d4 Nf6 2. c4 d5 3. Nf3 g6 4. Nc3 Bg7 5. e3 O-O 6. Be2 dxc4 7. Bxc4 c5 8. O-O
cxd4 9. Nxd4 Qc7 10. Be2 a6 11. Bf3 e5 12. Nb3 Rd8 13. Qe2 Be6 14. Rd1 Nbd7 15.
Nd5 Nxd5 16. Bxd5 Bxd5 17. Rxd5 Rac8 18. e4 Nf6 19. Rxd8+ Qxd8 20. Bg5 h6 21.
Bxf6 Qxf6 22. Rd1 Qe6 23. Nc1 h5 24. b3 Bh6 25. Nd3 Qe7 26. h3 Bg7 27. Ne1 Rd8
28. Nf3 b5 29. Qc2 Rxd1+ 30. Qxd1 Qa3 31. Qc2 Qd6 32. Qe2 Bf6 33. Qd2 Qc6 34.
Kh2 Qxe4 35. Qd6 Qf4+ 36. Kg1 Kg7 37. Qd1 e4 38. Nh2 Be5 39. Nf1 0-1

[Event "C.to Regionale Lombardia Seniores"]
[Site "Robecchetto con Induno ITA"]
[Date "2012.12.29"]
[Round "5"]
[White "Marra, Giuseppe"]
[Black "Brioschi, Camillo"]
[Result "1/2-1/2"]
[WhiteElo "1685"]
[BlackElo "1812"]
[PlyCount "45"]
[EventDate "2012.12.27"]

1. a3 d5 2. d4 Bf5 3. Nc3 Nf6 4. Bf4 c6 5. e3 e6 6. Bd3 Bxd3 7. Qxd3 Bd6 8.
Nge2 Bxf4 9. Nxf4 Nbd7 10. O-O O-O 11. Qe2 e5 12. dxe5 Nxe5 13. Nd3 Qe7 14.
Rfe1 Rad8 15. Qf1 Rfe8 16. Ne2 Nc4 17. Ng3 Ne4 18. Re2 Ncd2 19. Qe1 Nxg3 20.
hxg3 Ne4 21. f3 Nc5 22. Qb4 Nxd3 23. Qxe7 1/2-1/2

[Event "C.to Regionale Lombardia Seniores"]
[Site "Robecchetto con Induno ITA"]
[Date "2012.12.29"]
[Round "5"]
[White "Ronconi, Fausto"]
[Black "Ossoli, Giuseppe"]
[Result "1-0"]
[WhiteElo "1702"]
[BlackElo "1527"]
[PlyCount "57"]
[EventDate "2012.12.27"]

1. d4 e6 2. c4 Nf6 3. Nc3 b6 4. Nf3 Bb7 5. e3 d6 6. Be2 Be7 7. O-O Nbd7 8. d5
e5 9. Qc2 h6 10. b4 a6 11. Ne4 O-O 12. Ng3 c5 13. dxc6 Bxc6 14. Nf5 e4 15. N3d4
Bb7 16. Rd1 d5 17. Nxe7+ Qxe7 18. Qb3 Rfe8 19. Ba3 Qd8 20. Rac1 dxc4 21. Bxc4
Kh8 22. Bxf7 Re5 23. Bb2 Rg5 24. Ne6 Qb8 25. Nxg5 hxg5 26. Qe6 g6 27. Bxf6+
Nxf6 28. Qxf6+ Kh7 29. Qxg6+ 1-0

[Event "C.to Regionale Lombardia Seniores"]
[Site "Robecchetto con Induno ITA"]
[Date "2012.12.29"]
[Round "5"]
[White "Torretta, Gilberto"]
[Black "Marchesotti, Giovanni"]
[Result "1-0"]
[WhiteElo "1675"]
[BlackElo "1561"]
[PlyCount "57"]
[EventDate "2012.12.27"]

1. e4 c6 2. d4 d5 3. exd5 cxd5 4. c4 Nf6 5. Nc3 e6 6. Bf4 Nc6 7. c5 Nd7 8. Nf3
a6 9. a3 Be7 10. Bd3 O-O 11. b4 b5 12. h4 Re8 13. Ng5 g6 14. Nxh7 f5 15. Ng5
Nf6 16. h5 gxh5 17. Rxh5 Nxh5 18. Qxh5 Bxg5 19. Bxg5 Re7 20. Bf6 Kf8 21. O-O-O
Qc7 22. Qh8+ Kf7 23. Rh1 Qf4+ 24. Kb2 Kg6 25. Bxe7 Qd2+ 26. Bc2 Nxe7 27. Qh7+
Kf6 28. Rh6+ Kg5 29. Qg7+ 1-0

[Event "C.to Regionale Lombardia Seniores"]
[Site "Robecchetto con Induno ITA"]
[Date "2012.12.30"]
[Round "6"]
[White "Brioschi, Camillo"]
[Black "Sala, Gianni"]
[Result "1/2-1/2"]
[WhiteElo "1812"]
[BlackElo "1766"]
[PlyCount "38"]
[EventDate "2012.12.27"]

1. d4 Nf6 2. c4 e6 3. Nc3 Bb4 4. e3 c5 5. a3 Bxc3+ 6. bxc3 d5 7. cxd5 exd5 8.
Bd3 cxd4 9. cxd4 O-O 10. Ne2 b6 11. O-O Ba6 12. Ng3 Re8 13. Ra2 Bxd3 14. Qxd3
Nbd7 15. f3 Nf8 16. e4 h6 17. e5 N6h7 18. Nf5 Re6 19. Nd6 Ng5 1/2-1/2

[Event "C.to Regionale Lombardia Seniores"]
[Site "Robecchetto con Induno ITA"]
[Date "2012.12.30"]
[Round "6"]
[White "Buzio, Alberto"]
[Black "Madaschi, Sergio"]
[Result "1-0"]
[WhiteElo "1872"]
[BlackElo "1516"]
[PlyCount "35"]
[EventDate "2012.12.27"]

1. e4 c5 2. Nf3 d6 3. d4 cxd4 4. Nxd4 Nf6 5. Nc3 a6 6. Bg5 Nbd7 7. f4 Qc7 8.
Qf3 e6 9. O-O-O Be7 10. Bd3 b5 11. Rhe1 Bb7 12. Qe2 O-O 13. e5 Nc5 14. exf6
Nxd3+ 15. Rxd3 gxf6 16. Bh6 Rfe8 17. Qg4+ Kh8 18. Qg7# 1-0

[Event "C.to Regionale Lombardia Seniores"]
[Site "Robecchetto con Induno ITA"]
[Date "2012.12.30"]
[Round "6"]
[White "Carbone, Lorenzo"]
[Black "Torretta, Gilberto"]
[Result "0-1"]
[WhiteElo "1745"]
[BlackElo "1675"]
[PlyCount "64"]
[EventDate "2012.12.27"]

1. e4 e5 2. Nf3 Nc6 3. Bb5 a6 4. Ba4 Nf6 5. O-O b5 6. Bb3 Nxe4 7. Re1 Nc5 8.
Nxe5 Nxe5 9. Rxe5+ Be7 10. Bxf7+ Kxf7 11. Qf3+ Bf6 12. Rxc5 Re8 13. h3 c6 14.
Nc3 d5 15. d4 Re1+ 16. Kh2 Bb7 17. Nd1 b4 18. Bd2 Re6 19. Bxb4 Kg8 20. Bc3 Be7
21. Ra5 Rf6 22. Qe2 Bd6+ 23. Kg1 Qd7 24. Qg4 Qf7 25. Ne3 Rf8 26. Be1 Bc8 27.
Qe2 Rh6 28. Ng4 Rg6 29. Ne5 Bxe5 30. Qxe5 Bxh3 31. f4 Rxg2+ 32. Kh1 Qg6 0-1

[Event "C.to Regionale Lombardia Seniores"]
[Site "Robecchetto con Induno ITA"]
[Date "2012.12.30"]
[Round "6"]
[White "Cova, Ennio"]
[Black "Ronconi, Fausto"]
[Result "1-0"]
[WhiteElo "1654"]
[BlackElo "1702"]
[PlyCount "95"]
[EventDate "2012.12.27"]

1. Nf3 d5 2. d4 e6 3. g3 Nf6 4. Bg2 c5 5. O-O Nc6 6. dxc5 Bxc5 7. c4 O-O 8.
cxd5 Nxd5 9. Qc2 Be7 10. a3 Bd7 11. e4 Nf6 12. Nc3 Rc8 13. Qe2 Na5 14. Bf4 Qb6
15. Be3 Bc5 16. Bxc5 Rxc5 17. Rfe1 Bc6 18. Nd4 Nb3 19. Nxc6 Nxa1 20. Ne7+ Kh8
21. Na4 Rc2 22. Nxb6 Rxe2 23. Rxe2 axb6 24. e5 Re8 25. exf6 gxf6 26. Nf5 Rc8
27. Ne3 Rc1+ 28. Bf1 Nb3 29. Rc2 Rb1 30. Kg2 Nd4 31. Rd2 e5 32. Bd3 Re1 33. Nc2
Rg1+ 34. Kxg1 Nf3+ 35. Kf1 Nxd2+ 36. Ke2 Nb3 37. Be4 Nc5 38. Bd5 Kg7 39. b4 Ne6
40. Bxb7 f5 41. a4 f4 42. a5 bxa5 43. bxa5 fxg3 44. hxg3 f5 45. a6 Nc7 46. Nb4
h5 47. a7 f4 48. Nd5 1-0

[Event "C.to Regionale Lombardia Seniores"]
[Site "Robecchetto con Induno ITA"]
[Date "2012.12.30"]
[Round "6"]
[White "Maffeo, Mauro"]
[Black "Macchiettini, Pierangelo"]
[Result "1/2-1/2"]
[WhiteElo "1720"]
[BlackElo "1712"]
[PlyCount "60"]
[EventDate "2012.12.27"]

1. d4 d5 2. f4 Nf6 3. e3 Bf5 4. Nf3 e6 5. a3 a6 6. Bd3 Be4 7. O-O Nbd7 8. Nbd2
Bxd3 9. cxd3 c5 10. b3 Be7 11. Bb2 Rc8 12. Qe1 O-O 13. Qg3 Nh5 14. Qh3 g6 15.
g4 Ng7 16. Kh1 b5 17. Qg3 Bf6 18. h4 cxd4 19. Bxd4 Bxd4 20. Nxd4 Nc5 21. h5 g5
22. N2f3 h6 23. fxg5 hxg5 24. Rad1 Nd7 25. Rd2 Kh7 26. Rdf2 Qe7 27. Ne5 Qd6 28.
h6 Qxe5 29. Qxe5 Nxe5 30. hxg7 Kxg7 1/2-1/2

[Event "C.to Regionale Lombardia Seniores"]
[Site "Robecchetto con Induno ITA"]
[Date "2012.12.30"]
[Round "6"]
[White "Ossoli, Giuseppe"]
[Black "Cillo, Angelo"]
[Result "1-0"]
[WhiteElo "1527"]
[BlackElo "1792"]
[PlyCount "49"]
[EventDate "2012.12.27"]

1. e4 e5 2. f4 exf4 3. Bc4 Qh4+ 4. Kf1 g5 5. Nf3 Qg4 6. Nc3 Nc6 7. a3 Nf6 8.
Qe1 Bg7 9. Nb5 O-O 10. Nxc7 Rb8 11. d3 Nh5 12. Rb1 a6 13. Bd2 b5 14. Ba2 Nd4
15. Nxd4 Rb7 16. Ncxb5 Bxd4 17. Nxd4 Re8 18. Nf5 Rb6 19. Qf2 Rf6 20. Bd5 Rg6
21. Bb4 Nf6 22. Ne7+ Kg7 23. Nxg6 Nxd5 24. Qd4+ Kxg6 25. Qxd5 1-0

[Event "C.to Regionale Lombardia Seniores"]
[Site "Robecchetto con Induno ITA"]
[Date "2012.12.30"]
[Round "6"]
[White "Rigotti, Gianluigi"]
[Black "Marchesotti, Giovanni"]
[Result "1-0"]
[WhiteElo "1671"]
[BlackElo "1561"]
[PlyCount "25"]
[EventDate "2012.12.27"]

1. e4 c6 2. d4 d5 3. e5 Bf5 4. Bd3 Bg6 5. f4 e6 6. Nf3 Nd7 7. O-O Qc7 8. Ng5
Bxd3 9. Qxd3 h6 10. Nxf7 Kxf7 11. f5 Ne7 12. fxe6+ Kxe6 13. Qh3+ 1-0